| 000 | 00971nam a2200217Ia 4500 | ||
|---|---|---|---|
| 003 | Ost | ||
| 005 | 20260507075639.0 | ||
| 008 | 260507s9999||||xx |||||||||||||| ||und|| | ||
| 020 | _a99574021207 | ||
| 040 | _cfsecg | ||
| 041 | _aara | ||
| 082 | _a658.8 | ||
| 100 |
_aالشرمان، زياد محمد _eمؤلف |
||
| 245 | 0 |
_aمبادئ التسويق / _c زياد محمد الشرمان |
|
| 260 |
_aعمان: _bدار صفاء للنشر و التوزيع, _c2001 |
||
| 300 |
_a208 صفحة؛ _bإيضاحات ؛ _c24 سم |
||
| 520 | _aمقدمة في التسويق و تناول البيئة التسويقية و سلوك المستهلك و التسعير مع تناول تقسيم السوق و سياسات و قرارات السلع و تطوير السلع الجديدة و قنوات التوزيع . | ||
| 653 | _aالتسويق | ||
| 700 |
_aعبد السلام، عبد الغفور عبد الله _eمؤلف ثانوي |
||
| 942 | _cكتاب | ||
| 999 |
_c45364 _d45364 |
||